On This Day: March 7th Quiz Stats

 Plays Quiz Updated Mar 7, 2017

Support Sporcle.
Go Orange.
Score 0/7 Timer 03:00
0 Plays Today
Question Answer Wrong Answers
This man is granted a patent for an invention he calls the 'telephone.'
1876
Alexander Graham Bell
95%
Thomas Edison
3%
George Stephenson
0.4%
Michael Faraday
0.6%
This 'Breaking Bad' actor is born.
1956
Bryan Cranston
85.1%
Aaron Paul
6.7%
Ray Romano
3.6%
RJ Mitte
1.9%
A peace treaty is signed between the Ottoman Empire and the Republic of Venice, ending the Ottoman–Venetian War, and leaving this mediterranean island in Ottoman hands.
1573
Cyprus
66.6%
Corsica
13.9%
Saint Helena
3.4%
Crete
16%
A group of civil rights marchers are brutally attacked by state and local police in Selma, Alabama. The event came to be known as ______.
1965
Bloody Sunday
64.8%
The Selma Struggle
17.9%
Wednesday's March
11.4%
Tumultuous Tuesday
2.9%
The charity single 'We Are the World' receives its international release. Who wrote the song?
1985
Michael Jackson &
Lionel Richie
56.1%
Paul McCartney &
Quincy Jones
29.9%
Bob Dylan &
Bruce Springsteen
6.8%
Dan Aykroyd &
Stevie Wonder
3.5%
German military forces enter and reoccupy ______, a violation of the Locarno Pact and the Treaty of Versailles.
1936
The Rhineland
44.9%
Poland
32.1%
Austria
19.7%
The Ore Mountains
1.1%
The first surface images of this solar system object are revealed by the Hubble Space Telescope.
1996
Pluto
41.4%
Mercury
4.8%
Mars
30.5%
Jupiter
19.4%

You're not logged in!

Compare scores with friends on all Sporcle quizzes.
OR
Log In
Forgot?

From the Vault

Click the -ATION

by naqwerty3

With a little determinATION, we think you can do it.
Remove Ads.
Support Sporcle.
Get the best of Sporcle when you Go Orange. This ad-free experience offers more features, more stats, and more fun while also helping to support Sporcle. Thank you for becoming a member.

Show Comments

Extras

Top Quizzes Today


Score Distribution

Your Account Isn't Verified!

In order to create a playlist on Sporcle, you need to verify the email address you used during registration. Go to your Sporcle Settings to finish the process.

Report this User

Report this user for behavior that violates our Community Guidelines.

Details: